[Event "XXVIII Open Internacional Ciud"]
[Site "Salon Miramar (Hotel Costa Va"]
[Date "2005.03.22"]
[Round "5.12"]
[White "Pomes Marcet, Juan"]
[Black "Ladron De Guevara, Fco Javier"]
[Result "1/2-1/2"]
[WhiteElo "2374"]
[BlackElo "2104"]
[PlyCount "144"]
[EventDate "2005.03.19"]

1. d4 d5 2. c4 e6 3. Nc3 Nf6 4. cxd5 exd5 5. Bg5 Be7 6. e3 c6 7. Qc2 Nbd7 8.
Bd3 O-O 9. Nf3 Re8 10. O-O Nf8 11. h3 Be6 12. Rab1 Ne4 13. Bxe7 Rxe7 14. b4
Nxc3 15. Qxc3 Rc7 16. Rfc1 Rac8 17. Qc2 Qf6 18. Ne5 Qg5 19. Kh2 Qe7 20. f4 Qd6
21. Kh1 f6 22. Nf3 Re7 23. Qf2 Rce8 24. Re1 Bc8 25. Nd2 Be6 26. Nf1 Qd7 27. f5
Bf7 28. b5 Qd6 29. bxc6 bxc6 30. Qc2 Nd7 31. Rec1 Rc8 32. Rb7 Nb6 33. Rxe7 Qxe7
34. Qc5 Qxc5 35. Rxc5 Kf8 36. Kg1 Nd7 37. Rc3 Rc7 38. Bb5 Nb8 39. Nd2 Rb7 40.
Ba4 Rb2 41. Rb3 Rxb3 42. Nxb3 Ke7 43. Nc5 Kd6 44. Kf2 Nd7 45. Nd3 Nb6 46. Bb3
Nc4 47. Nc5 g6 48. fxg6 hxg6 49. Ke2 Nb6 50. Kd2 Nd7 51. Nxd7 Kxd7 52. Kc3 a5
53. Bd1 Be6 54. h4 f5 55. h5 gxh5 56. Bxh5 Kc7 57. Be8 Kb6 58. a3 c5 59. dxc5+
Kxc5 60. Kd3 Bc8 61. g3 Be6 62. Kc3 Bc8 63. Bf7 Bd7 64. Bh5 Be6 65. Be8 Bc8 66.
Kb3 Be6 67. Ka4 Kb6 68. Bh5 Bd7+ 69. Kb3 Be6 70. Kc3 Kc5 71. Be8 Bc8 72. Kd3
Be6 1/2-1/2

[Event "XXVIII Open Internacional Ciud"]
[Site "Salon Miramar (Hotel Costa Va"]
[Date "2005.03.22"]
[Round "5.13"]
[White "Hargues, Franck"]
[Black "Argandona Rivero, Inigo"]
[Result "0-1"]
[WhiteElo "2079"]
[BlackElo "2359"]
[PlyCount "50"]
[EventDate "2005.03.19"]

1. e4 c6 2. Nf3 g6 3. d4 Bg7 4. Nc3 d5 5. Be3 dxe4 6. Nxe4 Nh6 7. c3 O-O 8. Qd2
Nf5 9. Bf4 Nd7 10. Be2 Nb6 11. g4 Qd5 12. Nfg5 Nd6 13. Bf3 Qa5 14. Bxd6 exd6
15. Nxd6 Bh6 16. h4 f6 17. b4 Qa3 18. Rb1 fxg5 19. Rb3 Qa4 20. hxg5 Bg7 21. Qb2
Rxf3 22. Ra3 Bxd4 23. O-O Rxf2 24. Rxf2 Qd1+ 25. Kh2 Bxf2 0-1

[Event "XXVIII Open Internacional Ciud"]
[Site "Salon Miramar (Hotel Costa Va"]
[Date "2005.03.22"]
[Round "5.15"]
[White "Manso Marquez, Felix"]
[Black "Huesmann, Thomas"]
[Result "1/2-1/2"]
[WhiteElo "2091"]
[BlackElo "2315"]
[PlyCount "96"]
[EventDate "2005.03.19"]

1. d4 f5 2. g3 Nf6 3. Bg2 g6 4. Nf3 Bg7 5. O-O O-O 6. c4 d6 7. Nc3 Nc6 8. d5
Ne5 9. Nxe5 dxe5 10. Qb3 Kh8 11. Rd1 a6 12. Bd2 Qe8 13. Na4 b5 14. Nc5 bxc4 15.
Qxc4 Rb8 16. a4 e4 17. Bc3 Rb6 18. Be5 Ng4 19. Bxg7+ Kxg7 20. f3 exf3 21. exf3
Nf6 22. f4 Rxb2 23. Rab1 Rb6 24. a5 Rb5 25. Rxb5 axb5 26. Qa2 Ne4 27. Bxe4 fxe4
28. Nxe4 Bf5 29. Nc5 Qb8 30. Re1 Qa7 31. Qb2+ Kf7 32. Qxb5 Rb8 33. Qc4 Bd3 34.
Qxd3 Qxc5+ 35. Qe3 Qxe3+ 36. Rxe3 Rb1+ 37. Kf2 Ra1 38. Rc3 Rxa5 39. Rxc7 Rxd5
40. Rc2 h5 41. Re2 Ra5 42. h3 Kf6 43. g4 h4 44. Kf3 Ra3+ 45. Re3 Ra1 46. g5+
Kf7 47. Kg4 Ra4 48. Re5 Kf8 1/2-1/2

[Event "XXVIII Open Internacional Ciud"]
[Site "Salon Miramar (Hotel Costa Va"]
[Date "2005.03.22"]
[Round "5.16"]
[White "Van Hoolandt, Patrick"]
[Black "Alcaide Luque, Aitor"]
[Result "1-0"]
[WhiteElo "2238"]
[BlackElo "2058"]
[PlyCount "117"]
[EventDate "2005.03.19"]

1. d4 e6 2. Nf3 f5 3. g3 Nf6 4. Bg2 d5 5. Bf4 Bd6 6. Qc1 O-O 7. O-O Nbd7 8. c4
Bxf4 9. Qxf4 Ne4 10. Nfd2 Kh8 11. Qe3 Ndf6 12. f3 Nd6 13. Qd3 f4 14. gxf4 Nh5
15. e3 Nf5 16. Rf2 Nh4 17. Nc3 Rxf4 18. exf4 Nxf4 19. Qf1 e5 20. Re1 Nhxg2 21.
Rxg2 Bh3 22. Ree2 dxc4 23. dxe5 Bxg2 24. Rxg2 Nxg2 25. Qxg2 Qd4+ 26. Qf2 Qxe5
27. Nxc4 Qg5+ 28. Kf1 Rf8 29. Nd2 a5 30. b3 h6 31. Nce4 Qb5+ 32. Qe2 Qh5 33.
Kg2 Qg6+ 34. Kh1 Rg8 35. Qb5 b6 36. Qd5 c6 37. Qd7 b5 38. Qa7 Qh5 39. Qxa5 Qh4
40. Qa7 Rd8 41. Qe3 Ra8 42. Nc3 Rf8 43. a4 bxa4 44. bxa4 Qb4 45. Nde4 Qb2 46.
Qd2 Qb7 47. Kg2 Ra8 48. Nc5 Qb4 49. N3e4 Qc4 50. a5 Rb8 51. a6 Rb1 52. a7 Qf1+
53. Kg3 Qg1+ 54. Kf4 Ra1 55. Qd8+ Kh7 56. a8=Q Qxh2+ 57. Kf5 Qh3+ 58. Ke5 Qh2+
59. f4 1-0

[Event "XXVIII Open Internacional Ciud"]
[Site "Salon Miramar (Hotel Costa Va"]
[Date "2005.03.22"]
[Round "5.17"]
[White "Serras Uria, Antonio"]
[Black "Martin Alvarez, Inigo"]
[Result "1-0"]
[WhiteElo "2220"]
[BlackElo "2049"]
[PlyCount "35"]
[EventDate "2005.03.19"]

1. Nf3 d6 2. g3 e5 3. d3 c6 4. Bg2 f5 5. O-O Nf6 6. c4 Be7 7. Nc3 O-O 8. Rb1
Qe8 9. e3 Qh5 10. Nd2 Qh6 11. Re1 Bd8 12. Nf1 Bb6 13. Na4 f4 14. exf4 Bxf2+ 15.
Kxf2 exf4 16. Kg1 Bh3 17. Bxf4 g5 18. Bxg5 1-0

[Event "XXVIII Open Internacional Ciud"]
[Site "Salon Miramar (Hotel Costa Va"]
[Date "2005.03.22"]
[Round "5.18"]
[White "Gattegno, Laurent"]
[Black "Galzagorri Uli, Yeray"]
[Result "1-0"]
[WhiteElo "2061"]
[BlackElo "2199"]
[PlyCount "58"]
[EventDate "2005.03.19"]

1. d4 e6 2. c4 Nf6 3. Nc3 Bb4 4. Bg5 c5 5. d5 exd5 6. cxd5 h6 7. Bh4 g5 8. Bg3
d6 9. Rc1 Ne4 10. f3 Bxc3+ 11. bxc3 Nxg3 12. hxg3 Qa5 13. Qd2 Nd7 14. Nh3 Rg8
15. Nf2 Rg6 16. Ng4 Ne5 17. Rxh6 Nxg4 18. Rh8+ Ke7 19. fxg4 b5 20. Qe3+ Kf6 21.
Rh7 Rg7 22. Rxg7 Kxg7 23. Qxg5+ Kf8 24. Qf6 Qc7 25. e4 Rb8 26. e5 Rb6 27. e6
Kg8 28. e7 Qd7 29. Qg5+ Kh8 1-0

[Event "XXVIII Open Internacional Ciud"]
[Site "Salon Miramar (Hotel Costa Va"]
[Date "2005.03.22"]
[Round "5.19"]
[White "Lazkano Gaite, Tomas"]
[Black "Gastanares Lopez, Javier"]
[Result "0-1"]
[WhiteElo "1757"]
[BlackElo "2158"]
[PlyCount "90"]
[EventDate "2005.03.19"]

1. e4 Nc6 2. Nf3 f5 3. Bc4 Nf6 4. exf5 d5 5. Bb5 Bxf5 6. d4 e6 7. O-O Bd6 8.
Bg5 O-O 9. Nc3 Bg4 10. Be2 Qd7 11. Nb5 Be7 12. Bf4 Ne4 13. Ne5 Nxe5 14. Bxe5
Bxe2 15. Qxe2 a6 16. Nxc7 Rac8 17. Qg4 Bf6 18. Qxe6+ Qxe6 19. Nxe6 Rfe8 20.
Bxf6 Rxe6 21. Be5 Rxc2 22. b3 h5 23. a4 Nd2 24. Rfd1 Nxb3 25. Rab1 Na5 26. h3
Rec6 27. g4 hxg4 28. hxg4 R6c4 29. Kg2 Rxa4 30. Kg3 Ra3+ 31. Kh4 b5 32. f4 Nc4
33. Rh1 Raa2 34. Rh3 Nd2 35. Re1 Ne4 36. Kh5 Kf7 37. Ree3 Rc8 38. Rxe4 Rh8+ 39.
Kg5 Rxh3 40. Re1 Rh6 41. f5 Rc6 42. Re3 b4 43. Bg3 Rc3 44. Bf4 Rxe3 45. Bxe3 b3
0-1

[Event "XXVIII Open Internacional Ciud"]
[Site "Salon Miramar (Hotel Costa Va"]
[Date "2005.03.23"]
[Round "6.1"]
[White "Spraggett, Kevin"]
[Black "Alonso, Salvador"]
[Result "1-0"]
[WhiteElo "2589"]
[BlackElo "2459"]
[PlyCount "91"]
[EventDate "2005.03.19"]

1. Nf3 Nf6 2. g3 g6 3. b3 Bg7 4. Bb2 c5 5. c4 Nc6 6. Bg2 d6 7. O-O O-O 8. d3 a6
9. Nc3 Rb8 10. Qd2 b5 11. Rfd1 bxc4 12. dxc4 Na5 13. Ne1 Bb7 14. Bxb7 Rxb7 15.
Nd3 Nc6 16. e3 Qa8 17. Qe2 Nb4 18. Nf4 Rbb8 19. f3 Nc6 20. Rd2 Ne5 21. Rf1 Rfd8
22. Na4 Ne8 23. Bc3 Nc6 24. Bxg7 Kxg7 25. h4 Nf6 26. g4 h6 27. Nc3 Ne5 28. Qg2
Qc6 29. e4 e6 30. g5 hxg5 31. hxg5 Nh7 32. Nfe2 Qc7 33. f4 Nc6 34. f5 gxf5 35.
exf5 Rg8 36. fxe6 fxe6 37. Nf4 Rbe8 38. Rd3 Nd4 39. Nh3 Nf5 40. g6 Nf6 41. Ne4
Qc6 42. Qb2 e5 43. Nxf6 Kxf6 44. Rd5 Ke6 45. Rxf5 Rxg6+ 46. Kh2 {Ilegible} 1-0

[Event "XXVIII Open Internacional Ciud"]
[Site "Salon Miramar (Hotel Costa Va"]
[Date "2005.03.23"]
[Round "6.2"]
[White "Neelotpal, Das"]
[Black "Prie, Eric"]
[Result "1/2-1/2"]
[WhiteElo "2468"]
[BlackElo "2439"]
[PlyCount "32"]
[EventDate "2005.03.19"]

1. e4 d5 2. exd5 Qxd5 3. Nc3 Qa5 4. d4 Nf6 5. Nf3 Bf5 6. Bd2 c6 7. Bc4 e6 8.
Nd5 Qd8 9. Nxf6+ Qxf6 10. Qe2 Bg4 11. d5 Bxf3 12. gxf3 cxd5 13. Bxd5 Nd7 14.
O-O-O O-O-O 15. Be4 Qe5 16. Be3 Qc7 1/2-1/2

[Event "XXVIII Open Internacional Ciud"]
[Site "Salon Miramar (Hotel Costa Va"]
[Date "2005.03.23"]
[Round "6.3"]
[White "Dobrev, Nanko"]
[Black "Cifuentes Parada, Roberto"]
[Result "1/2-1/2"]
[WhiteElo "2399"]
[BlackElo "2521"]
[PlyCount "27"]
[EventDate "2005.03.19"]

1. d4 d5 2. c4 dxc4 3. Nf3 Nf6 4. e3 e6 5. Bxc4 c5 6. O-O a6 7. Qe2 Nbd7 8. Rd1
b5 9. Bd3 cxd4 10. exd4 Be7 11. a4 b4 12. Nbd2 O-O 13. Ne4 Bb7 14. Nxf6+
1/2-1/2

[Event "XXVIII Open Internacional Ciud"]
[Site "Salon Miramar (Hotel Costa Va"]
[Date "2005.03.23"]
[Round "6.4"]
[White "Gomez Esteban, Juan Mario"]
[Black "Jakobsen, Ole"]
[Result "1-0"]
[WhiteElo "2474"]
[BlackElo "2387"]
[PlyCount "121"]
[EventDate "2005.03.19"]

1. d4 d6 2. e4 g6 3. Be3 Bg7 4. Nc3 a6 5. f4 b5 6. Nf3 Bb7 7. Bd3 Nd7 8. e5 c5
9. Be4 Bxe4 10. Nxe4 Nh6 11. dxc5 Nf5 12. Bf2 dxe5 13. g4 Nh6 14. g5 Nf5 15. c6
Nb8 16. Qxd8+ Kxd8 17. Nxe5 Bxe5 18. fxe5 Nxc6 19. e6 Ke8 20. exf7+ Kxf7 21.
O-O-O Rhd8 22. b3 Rdc8 23. Kb2 Rd8 24. Nc5 Rd6 25. Rhe1 a5 26. a4 b4 27. Ne4
Rdd8 28. Nc5 Rd6 29. Nd3 Rad8 30. Re4 Rd5 31. Rc4 Ncd4 32. Rc5 Rxc5 33. Nxc5 e5
34. Ne4 Ke6 35. Rd3 Rc8 36. c3 bxc3+ 37. Rxc3 Rxc3 38. Kxc3 Nc6 39. Kc4 Nd6+
40. Nxd6 Kxd6 41. Bc5+ Ke6 42. Bb6 Kd6 43. Be3 e4 44. Bd2 Ke5 45. Bc3+ Kd6 46.
Kb5 Kd5 47. Be1 e3 48. Bg3 e2 49. Kb6 Nd4 50. Kxa5 Nxb3+ 51. Kb5 Ke4 52. Kc4
Na5+ 53. Kb5 Nb3 54. Kb4 Nd4 55. Kc4 Nc6 56. Kc5 Na5 57. Be1 Nb3+ 58. Kc4 Nd4
59. a5 Ne6 60. a6 Nc7 61. a7 1-0

[Event "XXVIII Open Internacional Ciud"]
[Site "Salon Miramar (Hotel Costa Va"]
[Date "2005.03.23"]
[Round "6.5"]
[White "Marholev, Dimitar"]
[Black "Pogorelov, Ruslan"]
[Result "1/2-1/2"]
[WhiteElo "2381"]
[BlackElo "2472"]
[PlyCount "61"]
[EventDate "2005.03.19"]

1. c4 Nf6 2. Nc3 e6 3. d4 Bb4 4. Qc2 O-O 5. a3 Bxc3+ 6. Qxc3 Ne4 7. Qc2 f5 8.
Nf3 b6 9. g3 Bb7 10. Bg2 Nf6 11. O-O Be4 12. Qd1 Nc6 13. b4 a5 14. b5 Ne7 15.
a4 Ng6 16. Ne5 Bxg2 17. Kxg2 d6 18. Nc6 Qd7 19. e3 Ne7 20. Nxe7+ Qxe7 21. Ba3
Rad8 22. Qc2 g5 23. c5 f4 24. exf4 gxf4 25. Rae1 Nd5 26. Qe4 Rde8 27. cxd6 cxd6
28. Rc1 Rf6 29. Rc6 Rd8 30. Re1 Qf8 31. Kg1 1/2-1/2

[Event "XXVIII Open Internacional Ciud"]
[Site "Salon Miramar (Hotel Costa Va"]
[Date "2005.03.23"]
[Round "6.6"]
[White "Argandona Rivero, Inigo"]
[Black "Flear, Glenn C"]
[Result "0-1"]
[WhiteElo "2359"]
[BlackElo "2462"]
[PlyCount "102"]
[EventDate "2005.03.19"]

1. e4 e5 2. Nf3 Nc6 3. Bb5 a6 4. Bxc6 dxc6 5. O-O Bd6 6. d4 exd4 7. Qxd4 f6 8.
Be3 Be6 9. Nbd2 Ne7 10. Rfd1 Ng6 11. Nc4 Bxc4 12. Qxc4 Qe7 13. b4 O-O-O 14. c3
Rhe8 15. Rd4 Qe6 16. Qe2 Bf4 17. Re1 Bxe3 18. Qxe3 Qxa2 19. Red1 Qe6 20. h4 h5
21. Rxd8+ Rxd8 22. Rxd8+ Kxd8 23. Qc5 Qg4 24. Qc4 Ke7 25. Qg8 Nf4 26. g3 Qxf3
27. Qxg7+ Ke6 28. gxf4 Qxe4 29. Qg8+ Kf5 30. Qh7+ Kxf4 31. Qxh5 Qf5 32. Qh6+
Kg4 33. h5 Qg5 34. Qg6 c5 35. Kf1 cxb4 36. cxb4 Kh4 37. Ke1 b6 38. Qf7 c5 39.
bxc5 bxc5 40. Qc4+ Kxh5 41. Qxa6 Qe5+ 42. Kf1 Qd4 43. Qa7 Kg6 44. Ke2 Qe4+ 45.
Kd2 Qd5+ 46. Ke2 Qe4+ 47. Kd2 Qf4+ 48. Ke2 c4 49. Qa8 Qe5+ 50. Kf3 Qe6 51. Qa3
Qh3+ 0-1

[Event "XXVIII Open Internacional Ciud"]
[Site "Salon Miramar (Hotel Costa Va"]
[Date "2005.03.23"]
[Round "6.7"]
[White "Andres Gonzalez, Alberto"]
[Black "Acosta Garcia, Alfonso Carlos"]
[Result "1/2-1/2"]
[WhiteElo "2430"]
[BlackElo "2256"]
[PlyCount "84"]
[EventDate "2005.03.19"]

1. Nf3 d5 2. c4 c6 3. g3 Nf6 4. b3 g6 5. Bb2 Bg7 6. Bg2 O-O 7. O-O Bg4 8. d3 d4
9. Nbd2 Ne8 10. b4 Nc7 11. Nb3 e5 12. Qc2 Nba6 13. a3 Qd7 14. Rfe1 Rad8 15. e3
Ne6 16. exd4 Bxf3 17. Bxf3 Nxd4 18. Bxd4 exd4 19. Re2 h5 20. Rae1 Bf6 21. h4
Kg7 22. Qd2 Rfe8 23. Na5 Rxe2 24. Rxe2 Nb8 25. c5 b6 26. Nb3 Na6 27. Qc2 bxc5
28. Qc4 Qc8 29. Nxc5 Nxc5 30. Qxc5 Qa6 31. Re4 Qxd3 32. Rf4 Qc3 33. Qxc3 dxc3
34. Rc4 Rd2 35. Kf1 Bd4 36. Be2 Bf6 37. Rxc6 Ra2 38. Rc7 c2 39. Ke1 Rxa3 40.
Rxc2 Bc3+ 41. Kf1 Bxb4 42. Rc7 Bd6 1/2-1/2

[Event "XXVIII Open Internacional Ciud"]
[Site "Salon Miramar (Hotel Costa Va"]
[Date "2005.03.23"]
[Round "6.8"]
[White "Serras Uria, Antonio"]
[Black "Peralta, Fernando"]
[Result "0-1"]
[WhiteElo "2220"]
[BlackElo "2538"]
[PlyCount "46"]
[EventDate "2005.03.19"]

1. e4 d6 2. d4 Nf6 3. Nc3 g6 4. f4 Bg7 5. Nf3 O-O 6. Be3 b6 7. Qd2 Bb7 8. Bd3
Na6 9. a3 c5 10. d5 Nc7 11. h3 b5 12. g4 e6 13. dxe6 fxe6 14. O-O-O a5 15. g5
Nh5 16. Qh2 c4 17. Be2 b4 18. Na4 bxa3 19. bxa3 Bxe4 20. Nb6 Nd5 21. Nxd5 exd5
22. Kd2 Qd7 23. Ke1 Rae8 0-1

[Event "XXVIII Open Internacional Ciud"]
[Site "Salon Miramar (Hotel Costa Va"]
[Date "2005.03.23"]
[Round "6.9"]
[White "Gastanares Lopez, Javier"]
[Black "Paunovic, Dragan"]
[Result "0-1"]
[WhiteElo "2158"]
[BlackElo "2518"]
[PlyCount "80"]
[EventDate "2005.03.19"]

1. e4 c5 2. Nf3 a6 3. c3 e6 4. d4 d5 5. e5 Bd7 6. a3 cxd4 7. cxd4 Bb5 8. Bd3
Nc6 9. b4 Bxd3 10. Qxd3 Nge7 11. O-O Nf5 12. Nbd2 Be7 13. Nb3 O-O 14. Bb2 Rc8
15. Rac1 Na7 16. Rxc8 Nxc8 17. Nc5 Bxc5 18. dxc5 Na7 19. Nd4 Nxd4 20. Bxd4 Nc6
21. f4 Qh4 22. Qd2 Rc8 23. a4 Qe7 24. Rc1 Qd7 25. Rb1 Nxd4 26. Qxd4 Qxa4 27.
Ra1 Qc2 28. h3 g6 29. Kh2 h5 30. Ra3 Rd8 31. Rd3 Re8 32. Rd2 Qa4 33. Rd1 a5 34.
bxa5 Qxa5 35. g4 hxg4 36. hxg4 Rd8 37. Rc1 Qa2+ 38. Kg3 Ra8 39. Rc3 Ra4 40. Qf2
Qxf2+ 0-1

[Event "XXVIII Open Internacional Ciud"]
[Site "Salon Miramar (Hotel Costa Va"]
[Date "2005.03.23"]
[Round "6.10"]
[White "Mascarell Canet, Redo"]
[Black "Guerra Bastida, Diego"]
[Result "0-1"]
[WhiteElo "2122"]
[BlackElo "2390"]
[PlyCount "42"]
[EventDate "2005.03.19"]

1. d4 c5 2. dxc5 e6 3. e4 Bxc5 4. Nf3 Nf6 5. Bd3 Nc6 6. c3 d5 7. e5 Ng4 8. O-O
Ngxe5 9. Bc2 Qf6 10. Nbd2 O-O 11. Qe2 Bb6 12. b3 Nxf3+ 13. Nxf3 e5 14. Bg5 Qe6
15. Bh4 e4 16. Nd2 f5 17. Bg5 f4 18. h4 h6 19. b4 hxg5 20. hxg5 Qg4 21. Qb5 f3
0-1

[Event "XXVIII Open Internacional Ciud"]
[Site "Salon Miramar (Hotel Costa Va"]
[Date "2005.03.23"]
[Round "6.11"]
[White "Angulo Martinez, Jon"]
[Black "Gonzalez De La Torre, Sant"]
[Result "1/2-1/2"]
[WhiteElo "2117"]
[BlackElo "2384"]
[PlyCount "51"]
[EventDate "2005.03.19"]

1. e4 c5 2. Nf3 Nc6 3. d4 cxd4 4. Nxd4 Nf6 5. Nc3 d6 6. Be3 Ng4 7. Bg5 Qb6 8.
Bb5 Bd7 9. Bxc6 bxc6 10. O-O h6 11. Bc1 g6 12. Na4 Qc7 13. b3 Bg7 14. Bb2 d5
15. f4 O-O 16. Qe2 c5 17. Nb5 Bxb5 18. Qxb5 Bxb2 19. Nxb2 c4 20. exd5 cxb3 21.
cxb3 Qc3 22. Qe2 Qd4+ 23. Kh1 Ne3 24. Rf3 Nxd5 25. Raf1 e6 26. Nc4 1/2-1/2

[Event "XXVIII Open Internacional Ciud"]
[Site "Salon Miramar (Hotel Costa Va"]
[Date "2005.03.23"]
[Round "6.12"]
[White "Gattegno, Laurent"]
[Black "Pomes Marcet, Juan"]
[Result "0-1"]
[WhiteElo "2061"]
[BlackElo "2374"]
[PlyCount "96"]
[EventDate "2005.03.19"]

1. d4 d5 2. Nf3 Nf6 3. c4 c6 4. Nc3 dxc4 5. a4 Bf5 6. Ne5 Nbd7 7. Nxc4 Nb6 8.
e3 e6 9. Ne5 a5 10. Bd3 Bb4 11. O-O O-O 12. Bxf5 exf5 13. Qc2 g6 14. Ne2 Qe7
15. Bd2 Bd6 16. Nf3 Nbd5 17. Rfe1 Ne4 18. Ng3 Rfe8 19. Re2 Qc7 20. Be1 Re7 21.
Nd2 Nxd2 22. Bxd2 Rae8 23. Rae1 Qb6 24. Bc3 Qa6 25. Nf1 b5 26. Qd3 Qb6 27. Nd2
Bc7 28. g3 bxa4 29. e4 Qb5 30. Qf3 Bd6 31. e5 Bb4 32. Nb1 Re6 33. h4 h5 34. Rc2
Rb8 35. Bd2 Bxd2 36. Nxd2 Nb4 37. Rc3 Rd8 38. Qe3 Kg7 39. Nf3 Nd5 40. Qg5 Ra8
41. Ra3 Qxb2 42. Rea1 Rb8 43. Rxa4 Qe2 44. Nd2 Rb2 45. R4a2 Rxa2 46. Rxa2 a4
47. Qd8 f4 48. Qc8 fxg3 0-1

[Event "XXVIII Open Internacional Ciud"]
[Site "Salon Miramar (Hotel Costa Va"]
[Date "2005.03.23"]
[Round "6.13"]
[White "Ladron De Guevara, Fco Javier"]
[Black "Van Hoolandt, Patrick"]
[Result "1-0"]
[WhiteElo "2104"]
[BlackElo "2238"]
[PlyCount "79"]
[EventDate "2005.03.19"]

1. d4 Nf6 2. Nf3 e6 3. c4 Bb4+ 4. Bd2 Qe7 5. g3 Nc6 6. Bg2 Bxd2+ 7. Nbxd2 a5 8.
O-O d6 9. e4 e5 10. d5 Nb8 11. Ne1 h5 12. h3 h4 13. g4 g5 14. Nd3 Nbd7 15. b3
Nf8 16. c5 dxc5 17. Nc4 Ng6 18. Qd2 Nd7 19. Nxa5 O-O 20. a4 Rd8 21. Rfc1 Nf4
22. Bf1 Qf6 23. Nc4 Nxd3 24. Qxd3 Nf8 25. Qc3 Ng6 26. Ne3 b6 27. b4 cxb4 28.
Qxc7 Bd7 29. Qc4 Rxa4 30. Rxa4 b5 31. Qxb4 bxa4 32. Nf5 Ra8 33. Qb7 Qd8 34. Rc7
Nf8 35. d6 Rb8 36. Ne7+ Kg7 37. Qd5 Kf6 38. Qd3 Rb3 39. Qa6 Qb8 40. Nc6 1-0

[Event "XXVIII Open Internacional Ciud"]
[Site "Salon Miramar (Hotel Costa Va"]
[Date "2005.03.23"]
[Round "6.14"]
[White "Hargues, Franck"]
[Black "Vehi Bach, Victor M"]
[Result "0-1"]
[WhiteElo "2079"]
[BlackElo "2423"]
[PlyCount "78"]
[EventDate "2005.03.19"]

1. e4 c5 2. Nf3 e6 3. b4 cxb4 4. d4 d5 5. e5 Nc6 6. a3 f6 7. axb4 Bxb4+ 8. c3
Be7 9. Bd3 fxe5 10. dxe5 Qc7 11. Qe2 Nh6 12. Bxh6 gxh6 13. O-O O-O 14. Na3 Bxa3
15. Rxa3 Qg7 16. Ra4 Bd7 17. Rh4 Kh8 18. Re1 Be8 19. Qe3 Bg6 20. Rg4 Rg8 21.
Nh4 Ne7 22. Rb1 b6 23. Rbb4 Raf8 24. Rg3 Qf7 25. Rf3 Qe8 26. Nxg6+ Nxg6 27. Rg3
Qf7 28. Rbg4 Nf4 29. Rxg8+ Rxg8 30. Rxg8+ Kxg8 31. Bc2 Kg7 32. g3 Ng6 33. h4
Qe7 34. f4 Qc5 35. Kf2 Ne7 36. Ke2 Qc4+ 37. Qd3 b5 38. Kd2 Nf5 39. g4 Qxf4+ 0-1

[Event "XXVIII Open Internacional Ciud"]
[Site "Salon Miramar (Hotel Costa Va"]
[Date "2005.03.23"]
[Round "6.15"]
[White "Huesmann, Thomas"]
[Black "Torres, Patrice"]
[Result "1/2-1/2"]
[WhiteElo "2315"]
[BlackElo "2068"]
[PlyCount "132"]
[EventDate "2005.03.19"]

1. e4 e6 2. d4 d5 3. Nc3 Bb4 4. Nge2 dxe4 5. a3 Be7 6. Nxe4 Nf6 7. N2g3 O-O 8.
Be3 Nd5 9. c4 Nxe3 10. fxe3 f5 11. Nc3 f4 12. exf4 Rxf4 13. Nge2 Rf8 14. Ne4 b5
15. cxb5 Qd5 16. N2c3 Qf5 17. Bd3 Qf4 18. Qe2 Qh6 19. Qd2 Qxd2+ 20. Kxd2 Nd7
21. Bc4 Nb6 22. Bb3 Rd8 23. Ke3 Nd5+ 24. Nxd5 exd5 25. Rac1 Rb8 26. Rxc7 Rxb5
27. Bxd5+ Rbxd5 28. Rxe7 Rxd4 29. Re8+ Rxe8 30. Kxd4 Bb7 31. Re1 Rd8+ 32. Ke3
Rc8 33. Kd3 Rd8+ 34. Kc2 Rc8+ 35. Nc3 Bxg2 36. Re7 a6 37. b4 Bf1 38. Kd1 Rd8+
39. Ke1 Rd3 40. Rc7 Bh3 41. Ke2 Rd6 42. Ke3 h6 43. a4 Kh7 44. b5 axb5 45. axb5
Re6+ 46. Kd4 Bg2 47. Kc5 Re5+ 48. Kd6 Rh5 49. b6 Rxh2 50. Ne2 h5 51. Nf4 Bf3
52. Ne6 Rg2 53. Rc3 Rd2+ 54. Ke7 Bd5 55. Nf8+ Kh6 56. Nd7 h4 57. Ne5 g5 58. Kf6
Rb2 59. Nd7 g4 60. Rc8 Rf2+ 61. Ke5 Bf3 62. Rh8+ Kg5 63. Rg8+ Kh6 64. Rh8+ Kg5
65. Rg8+ Kh6 66. Rh8+ Kg5 1/2-1/2

[Event "XXVIII Open Internacional Ciud"]
[Site "Salon Miramar (Hotel Costa Va"]
[Date "2005.03.23"]
[Round "6.16"]
[White "Hernandez, Elvis"]
[Black "Zubimendi Her, Julian"]
[Result "1-0"]
[WhiteElo "2313"]
[BlackElo "1999"]
[PlyCount "59"]
[EventDate "2005.03.19"]

1. e4 c5 2. Nf3 Nc6 3. d4 cxd4 4. Nxd4 Nf6 5. Nc3 d6 6. Bc4 Bd7 7. Bb3 e6 8.
Be3 Be7 9. Qe2 a6 10. O-O-O Qc7 11. g4 O-O-O 12. g5 Ne8 13. f4 Na5 14. Kb1 Kb8
15. f5 Nxb3 16. cxb3 Rc8 17. Rc1 Qa5 18. Qd3 Nc7 19. a3 Nb5 20. Na4 Rhe8 21.
Nxb5 axb5 22. Nb6 Rxc1+ 23. Rxc1 Bc6 24. f6 gxf6 25. gxf6 Bf8 26. b4 Qa6 27.
Rg1 Kc7 28. Rg7 Bxg7 29. fxg7 Rg8 30. e5 1-0

[Event "XXVIII Open Internacional Ciud"]
[Site "Salon Miramar (Hotel Costa Va"]
[Date "2005.03.23"]
[Round "6.17"]
[White "Martinez Pelaez, David"]
[Black "Moriuchi, Toshiyuki"]
[Result "1/2-1/2"]
[WhiteElo "2000"]
[BlackElo "2301"]
[PlyCount "72"]
[EventDate "2005.03.19"]

1. e4 c5 2. Nf3 d6 3. d4 cxd4 4. Nxd4 Nf6 5. Nc3 a6 6. f3 Qb6 7. Nb3 e6 8. Qe2
Qc7 9. Be3 Nc6 10. g4 b5 11. g5 Nd7 12. f4 Bb7 13. Bg2 Nb6 14. Nd2 Na5 15. Bxb6
Qxb6 16. a4 b4 17. Nd1 Be7 18. Ne3 O-O 19. h4 d5 20. exd5 exd5 21. Nxd5 Bxd5
22. Bxd5 Rad8 23. Bb3 Bd6 24. O-O-O Bxf4 25. Kb1 Rfe8 26. Qg2 Qd6 27. Ne4 Qxd1+
28. Rxd1 Rxd1+ 29. Ka2 Nxb3 30. Kxb3 Kh8 31. Qf3 Rd4 32. Qxf4 Rdxe4 33. Qxf7
R4e7 34. Qf5 Re5 35. Qf7 R5e7 36. Qf5 Re5 1/2-1/2

[Event "XXVIII Open Internacional Ciud"]
[Site "Salon Miramar (Hotel Costa Va"]
[Date "2005.03.23"]
[Round "6.18"]
[White "Torres Calvo, Mauricio"]
[Black "Pastor Pons, Pedro"]
[Result "0-1"]
[WhiteElo "1955"]
[BlackElo "2210"]
[PlyCount "80"]
[EventDate "2005.03.19"]

1. e4 g6 2. h4 h5 3. d4 Bg7 4. Bc4 c6 5. Nc3 d6 6. a4 Nf6 7. Bg5 Nbd7 8. Nf3
Qa5 9. Qd2 b5 10. Bd3 b4 11. Ne2 Ng4 12. c3 Rb8 13. O-O f6 14. e5 fxg5 15.
Bxg6+ Kf8 16. Qxg5 dxe5 17. Bd3 Bf6 18. Qg6 Rh7 19. Qe4 Qd5 20. Rad1 bxc3 21.
bxc3 Qxe4 22. Bxe4 c5 23. dxc5 Nxc5 24. Rd8+ Kg7 25. Bc6 e4 26. Nfd4 Rh8 27.
Rd5 Nb3 28. Re1 Nxd4 29. Nxd4 e3 30. fxe3 Bxh4 31. Ra1 Nxe3 32. Re5 Ng4 33. Re2
Bf6 34. Rd1 Rd8 35. Rf1 e5 36. Nb5 Be6 37. Re4 Bd5 38. Bxd5 Rxd5 39. Nxa7 Rb2
40. Rb4 Rc2 0-1

[Event "XXVIII Open Internacional Ciud"]
[Site "Salon Miramar (Hotel Costa Va"]
[Date "2005.03.24"]
[Round "7.1"]
[White "Gomez Esteban, Juan Mario"]
[Black "Spraggett, Kevin"]
[Result "1/2-1/2"]
[WhiteElo "2474"]
[BlackElo "2589"]
[PlyCount "20"]
[EventDate "2005.03.19"]

1. Nf3 Nf6 2. c4 c5 3. g3 b6 4. Bg2 Bb7 5. O-O e6 6. Nc3 Be7 7. d4 cxd4 8. Qxd4
O-O 9. Rd1 Nc6 10. Qf4 d6 1/2-1/2

[Event "XXVIII Open Internacional Ciud"]
[Site "Salon Miramar (Hotel Costa Va"]
[Date "2005.03.24"]
[Round "7.2"]
[White "Flear, Glenn C"]
[Black "Neelotpal, Das"]
[Result "1/2-1/2"]
[WhiteElo "2462"]
[BlackElo "2468"]
[PlyCount "36"]
[EventDate "2005.03.19"]

1. d4 d5 2. c4 c6 3. Nc3 dxc4 4. e4 b5 5. a4 b4 6. Na2 Nf6 7. e5 Nd5 8. Bxc4 e6
9. Nf3 Be7 10. O-O Nd7 11. Bd2 a5 12. Nc1 N5b6 13. Bd3 c5 14. dxc5 Nxc5 15.
Bb5+ Bd7 16. Be3 Nd5 17. Bxc5 Bxc5 18. Nb3 Bb6 1/2-1/2